Ensayo de un diccionario español de sinónimos y antonimos / Federico Carlos Sainz de Robles
Descripción Física:
1148 p. ; 25 cm
MARC
| LEADER | 00000nam a2200000Ia 4500 | ||
|---|---|---|---|
| 001 | 1190 | ||
| 008 | 160829s1959 xx 000 0 cat d | ||
| 080 | |a Sala Tècnica | ||
| 100 | |a Sainz de Robles, Federico Carlos |9 11604 | ||
| 245 | |a Ensayo de un diccionario español de sinónimos y antonimos / Federico Carlos Sainz de Robles | ||
| 250 | |a 4a ed. | ||
| 260 | |a Madrid : |b Aguilar, |c 1959 | ||
| 300 | |a 1148 p. ; |c 25 cm | ||
| 650 | 0 | |a Castellà |x Sinònims i antònims |v Diccionaris |9 8456 | |
| 901 | |a Arxiu | ||
| 942 | |n 1 | ||
| 952 | |0 0 |1 0 |4 0 |6 SALA_TÈCNICA |7 1 |9 48082 |a Arxiu |b Arxiu |d 2016-12-01 |l 0 |o Sala Tècnica |p 1190 |r 2016-12-01 00:00:00 |w 2016-12-01 |y ARXIU | ||
| 999 | |c 51885 |d 51885 | ||